System Analysis and Design (Record no. 118)

MARC details
000 -LEADER
fixed length control field 00419nam a22001697a 4500
005 - DATE AND TIME OF LATEST TRANSACTION
control field 20180203114852.0
008 - FIXED-LENGTH DATA ELEMENTS--GENERAL INFORMATION
fixed length control field 160427b xxu||||| |||| 00| 0 eng d
020 ## - INTERNATIONAL STANDARD BOOK NUMBER
ISBN 978-81-7515-618-0
041 ## - LANGUAGE CODE
Language code of text/sound track or separate title eng
082 ## - DEWEY DECIMAL CLASSIFICATION NUMBER
Item number 00378
Classification number 004.21
100 ## - MAIN ENTRY--AUTHOR NAME
Personal name Awad, Elias M.
245 ## - TITLE STATEMENT
Title System Analysis and Design
250 ## - EDITION STATEMENT
Edition statement 2nd ed.
260 ## - PUBLICATION, DISTRIBUTION, ETC. (IMPRINT)
Place of publication New Delhi
Name of publisher Galgotia Publ. Pvt. Ltd.
Year of publication 2010
300 ## - PHYSICAL DESCRIPTION
Number of Pages 524
942 ## - ADDED ENTRY ELEMENTS (KOHA)
Koha item type Books
Holdings
Lost status Damaged status Collection code Home library Current library Shelving location Date acquired Cost, normal purchase price Full call number Accession Number Koha item type
    CS/IT JRU Library JRU Library SHELF-49-B 27/04/2016 385.00 00378 00378 Books
    CS/IT JRU Library JRU Library SHELF-49-B 27/04/2016 385.00 00378 00379 Books
    CS/IT JRU Library JRU Library SHELF-49-B 27/04/2016 385.00 00378 00380 Books
    CS/IT JRU Library JRU Library SHELF-49-B 27/04/2016 385.00 00378 00381 Books
    CS/IT JRU Library JRU Library SHELF-49-B 27/04/2016 385.00 00378 00382 Books